Dams and development : (Record no. 19082)
[ view plain ]
| 000 -LEADER | |
|---|---|
| fixed length control field | 00545cam a2200181 a 4500 |
| 020 ## - INTERNATIONAL STANDARD BOOK NUMBER | |
| ISBN | 1853837970 |
| 020 ## - INTERNATIONAL STANDARD BOOK NUMBER | |
| ISBN | 1853837989 (pbk.) |
| 040 ## - CATALOGING SOURCE | |
| Transcribing agency | UKM |
| 082 04 - DEWEY DECIMAL CLASSIFICATION NUMBER | |
| Classification number | 627 EAR 2000 C160 Or. |
| 110 2# - MAIN ENTRY--CORPORATE NAME | |
| Corporate name or jurisdiction name as entry element | World Commission on Dams |
| 245 10 - TITLE STATEMENT | |
| Title | Dams and development : |
| Remainder of title | a new framework for decision-making : the report of the World Commission on Dams |
| 260 ## - PUBLICATION, DISTRIBUTION, ETC. (IMPRINT) | |
| Place of publication | London ; |
| -- | Sterling, VA : |
| Name of publisher | Earthscan, |
| Year of publication | 2000 |
| 300 ## - PHYSICAL DESCRIPTION | |
| Number of Pages | xxxvii, 404 p. : |
| Other physical details | ill., map ; |
| Dimensions | 28 cm |
| 500 ## - GENERAL NOTE | |
| General note | "November 2000." |
| 650 #0 - SUBJECT ADDED ENTRY--TOPICAL TERM | |
| Topical Term | Dams |
| 650 #0 - SUBJECT ADDED ENTRY--TOPICAL TERM | |
| Topical Term | Dams |
| 942 ## - ADDED ENTRY ELEMENTS (KOHA) | |
| Koha item type | ADB |
| 952 ## - LOCATION AND ITEM INFORMATION (KOHA) | |
| Withdrawn status [LOCAL, KOHA] | 0 |
| Source of acquisition | Permanent Location | Date acquired | Koha item type | Lost status | Shelving location | Current Location | Full call number |
|---|---|---|---|---|---|---|---|
| A39441 | Library Block C | 2020-03-06 | សៀវភៅភាសាអង់គ្លេស | C160 | Library Block C | 627 EAR 2000 C160 Or. |